000 01030nam a2200301 i 4500
003 DO-SdBNP
005 20250206102509.0
007 ta
008 241216s2017 dr a 000 j spa d
020 _a9789945008890
040 _aDO-SdBNP
_bspa
_cBNPHU
_erda
082 _aRD861.44
_bM938
_222
100 1 _aMoya, Pastor de,
_d1965-
_eautor
_4aut.
_97820
245 1 0 _aJuguete de hielo /
_cPastor de Moya ; prólogo Rey Emmanuel Andújar
250 _a1a. edición
264 1 _a[Santo Domingo] :
_bEdiciones Cielonaranja,
_c©2017.
300 _a179 páginas
_bilustraciones ;
_c21 cm.
336 _atexto
_btxt
_2rdacontent
337 _asin mediación
_bn
_2rdamedia
338 _avolumen
_bnc
_2rdacarrier
500 _aIncluye datos biografícos del autor en la contraportada.
590 _aInventariado, 2024/ YL
650 0 _aPoesía dominicana
_9176
650 0 _aLiteratura dominicana.
_967
700 1 _aAndújar, R. Emmanuel |
_q (Rey Emmanuel)
_eprologuista
_4prol.
_96668
910 _aYLockward
942 _2ddc
_cLBS1
999 _c57959
_d57959